Sports Quiz

Random Sports or NBA Quiz

NBA Players in the 'Wrong' Uniform Quiz Stats

Quiz Updated Jun 30, 2016

Also try: NBA Teams on a Map
Challenge
Share
Tweet
Score 0/20 Timer 06:00
15 Plays Today
% Correct
Michael Jordan
99.3%
Shaquille O'Neal
95.6%
Dennis Rodman
94.3%
Allen Iverson
85.3%
Scottie Pippen
85.3%
Patrick Ewing
82.2%
Tracy McGrady
79.7%
Dikembe Mutombo
78.6%
Karl Malone
75.8%
Shawn Marion
68.2%
% Correct
Rasheed Wallace
66.7%
Gary Payton
66.1%
Grant Hill
65.4%
Hakeem Olajuwon
62.8%
Dominique Wilkins
56.8%
Stephon Marbury
55.2%
Alonzo Mourning
49%
Robert Parish
45.9%
Rick Barry
45.8%
Pete Maravich
42.1%

You're not logged in!

Compare scores with friends on all Sporcle quizzes.
Sign Up with Email
OR
Log In

You Might Also Like...

Show Comments

Extras

Top Quizzes Today


Score Distribution

Your Account Isn't Verified!

In order to create a playlist on Sporcle, you need to verify the email address you used during registration. Go to your Sporcle Settings to finish the process.